000 00554nam a22002057a 4500
003 OSt
005 20140310183128.0
008 130531t xxu||||| |||| 00| 0 eng d
020 _a9789712352430
050 _aLB 2395.3
_b.B223 2008
082 _aFIL 428
_bB23 2008
245 _aEnglish 2
_breading and thinking skills for academic study
_cBaraceros, Esther L.
260 _aManila
_bRex Book Store
_c2008
300 _a155 p
_c23 cm
521 _aCollege
526 _c1210L-1700L
541 _j1
562 _e1
942 _2lcc
_cBK
_kFIL
999 _c19092
_d19092